000 00426nab a2200145Ia 4500
003 ES-SlBCS
005 20210601140202.0
008 140529s1963 xxu||||| |||| 00| 0 spa d
041 _aspa
100 1 _aLins, Ivan
_9210244
245 0 0 _aEn torno a Lope de Vega
_c Ivan Lins
600 1 4 _aVega, Lope de
_d, 1562-1635
_9109350
773 0 _tCuadernos Hispanoamericanos
_gnº. 161-162, 1963, págs. 789-808
_wRev1135
942 _cAR
999 _c640666
_d640666